مو لا نا ا بو ا لکلا م آ ز ا د ا و ر قو م پر ست مسلما نو ں کی سيا ست (Record no. 165924)
[ view plain ]
| 000 -LEADER | |
|---|---|
| fixed length control field | 00925nam a22002417a 4500 |
| 005 - DATE AND TIME OF LATEST TRANSACTION | |
| control field | 20190705122244.0 |
| 010 ## - LCCN (DPL NO) | |
| LC control number | B-97842 |
| 020 ## - INTERNATIONAL STANDARD BOOK NUMBER | |
| International Standard Book Number | 8182230314 |
| Terms of availability | 350.00 |
| 035 ## - SYSTEM CONTROL NUMBER | |
| System control number | B-97842 |
| 037 ## - SOURCE OF ACQUISITION | |
| Source of stock number/acquisition | BPPD/Ven. |
| Stock number | dpl |
| 082 ## - DEWEY DECIMAL CLASSIFICATION NUMBER | |
| Classification number | 921 |
| Edition number | 2004 |
| 100 ## - MAIN ENTRY--PERSONAL NAME | |
| Personal name | قر يشی محمد فا ر و ق |
| 245 ## - TITLE STATEMENT | |
| Title | مو لا نا ا بو ا لکلا م آ ز ا د ا و ر قو م پر ست مسلما نو ں کی سيا ست |
| Statement of responsibility, etc | قر يشی محمد فا ر و ق |
| Medium | Urdu |
| 246 ## - VARYING FORM OF TITLE | |
| Title proper/short title | Moulana Abulkalam Azad Aur Quam Parast Musalmano ki Siyasat(Urdu) |
| Remainder of title | by Mohd.Farooq Qureshi |
| 250 ## - EDITION STATEMENT | |
| Edition statement | 2004 ء |
| 260 ## - PUBLICATION, DISTRIBUTION, ETC. (IMPRINT) | |
| Place of publication, distribution, etc | Delhi |
| Name of publisher, distributor, etc | Educational Publishing House |
| 270 ## - ADDRESS | |
| Address | 3108,Vakil Street Kucha Pandit,Lal kuan |
| 300 ## - PHYSICAL DESCRIPTION | |
| Extent | 656ص |
| Dimensions | 22cm(Hbk) |
| 490 ## - SERIES STATEMENT | |
| Series statement | Jaico illustrated classics series |
| 942 ## - ADDED ENTRY ELEMENTS (KOHA) | |
| Source of classification or shelving scheme | Dewey Decimal Classification |
| Item type | Urdu Bks |
| Call number suffix | ا ب و |
| Classification part | 921 |
| Withdrawn status | Lost status | Not for loan | Collection code | Home library | Current library | Date acquired | Source of acquisition | Cost, normal purchase price | Full call number | Barcode | Copy number | Cost, replacement price | Koha item type |
|---|---|---|---|---|---|---|---|---|---|---|---|---|---|
| Ordered | Non-fiction | Central Library | Central Library | 05/07/2019 | BPPD/Ven. | 350.00 | 921 ا ب و | B-97842 | 1 | 350.00 | Urdu Bks |
